| 000 -CABECERA |
| campo de control de longitud fija |
00672nab a2200289Ia 4500 |
| 001 - NÚMERO DE CONTROL |
| campo de control |
12686 |
| 008 - DATOS DE LONGITUD FIJA--INFORMACIÓN GENERAL |
| campo de control de longitud fija |
191123s9999 xx 000 0 und d |
| 041 ## - CÓDIGO DE LENGUA |
| Código de lengua del texto/banda sonora o título independiente |
spa |
| 100 ## - ENTRADA PRINCIPAL--NOMBRE DE PERSONA |
| Nombre de persona |
Sahda, Domingo, |
| 245 #0 - MENCIÓN DE TÍTULO |
| Título |
"Julio Cesar Botta, constructor de sueños" |
| 300 ## - DESCRIPCIÓN FÍSICA |
| Otras características físicas |
ilustrado |
| 490 #0 - MENCIÓN DE SERIE |
| Mención de serie |
El Litoral |
| 500 ## - NOTA GENERAL |
| Nota general |
recorte periodístico |
| 550 ## - NOTA DE ENTIDAD RESPONSABLE |
| Nota de entidad responsable |
ilustrado |
| 650 ## - PUNTO DE ACCESO ADICIONAL DE MATERIA--TÉRMINO DE MATERIA |
| Término de materia o nombre geográfico como elemento de entrada |
BOTTA, JULIO CESAR |
| 650 ## - PUNTO DE ACCESO ADICIONAL DE MATERIA--TÉRMINO DE MATERIA |
| Término de materia o nombre geográfico como elemento de entrada |
LAPALMA, MARTIN, |
| 650 ## - PUNTO DE ACCESO ADICIONAL DE MATERIA--TÉRMINO DE MATERIA |
| Término de materia o nombre geográfico como elemento de entrada |
PINTORES SANTAFESINOS |
| 650 ## - PUNTO DE ACCESO ADICIONAL DE MATERIA--TÉRMINO DE MATERIA |
| Término de materia o nombre geográfico como elemento de entrada |
STRADA, MARCELO |
| 902 ## - ELEMENTOS DE DATOS B LOCAL, LDB (RLIN) |
| a |
S |
| 903 ## - ELEMENTOS DE DATOS C LOCAL, LDC (RLIN) |
| a |
a |
| 904 ## - ELEMENTOS DE DATOS D LOCAL, LDD (RLIN) |
| a |
as |
| 907 ## - ELEMENTOS DE DATOS G LOCAL, LDG (RLIN) |
| a |
impreso |
| 911 ## - EQUIVALENCIA O REFERENCIA-CRUZADA-NOMBRE DE CONFERENCIA O REUNIÓN/CONGRESO [LOCAL, CANADÁ] |
| Nombre de congreso/reunión o jurisdicción como elemento de entrada |
ilustrado |
| 920 ## - |
| -- |
20-5-2011 |
| 942 ## - ELEMENTOS DE PUNTO DE ACCESO ADICIONAL (KOHA) |
| Tipo de ítem Koha |
Analítica |